000 01410nam0a2200301 4500
001 RU\NLR\bibl\819497
005 20260405075524.0
010 _a5-8265-0335-1
_9450
021 _aRU
_b2005-29173
_91457
035 _a(NLR Aleph) 000808413
090 _a1225610
_c1225610
100 _a20050713d2005 |||y0rusy50 ca
101 0 _arus
102 _aRU
105 _aa |||||||||
200 1 _aРеформа государственной деревни в Тамбовской губернии
_e(середина 30-х - середина 50-х гг. XIX в.)
_fЕ.Ю. Иванова-Малофеева
_gМ-во образования и науки Рос. Федерации, Тамб. гос. техн. ун-т, Тамб. гос. ун-т им. Г.Р. Державина
210 _aТамбов
_cИзд-во ТГТУ
_d2005
215 _a196 с.
_d20
320 _aБиблиогр.: с. 171-180 и в примеч.: с. 181-196
606 1 _aГосударственные крестьяне
_xРеформы
_yТамбовская губерния
_z1830 - 1850-ые гг.
_92385125
_3RU\NLR\auth\661422763
686 _aТ3(2)472-283.1
700 1 _4070
_8rus
_7ca
_aИванова-Малофеева
_bЕ. Ю.
_gЕлена Юрьевна
_3RU\NLR\auth\7727031
_910068
801 0 _aRU
_bNLR
_c20050713
_gPSBO
801 1 _aRU
_bNLR
_c20050713
942 _cBOOK
980 _aNB
980 _aNBR